Drapeaux des pays de la Coupe du Monde 2026 - Statistiques

Statistiques générales
  • Ce quiz a été pris 697 fois
    163 depuis la dernière actualisation
  • Le résultat moyen est 45 sur 48
Statistiques - réponses
Par images Réponse % Correct
Argentine
100%
Brésil
100%
Corée du Sud
100%
France
100%
Canada
99%
États-Unis
99%
Japon
99%
Mexique
99%
Portugal
99%
Algérie
98%
Belgique
98%
Espagne
98%
Maroc
98%
Suède
98%
Suisse
98%
Tunisie
98%
Uruguay
98%
Australie
97%
Qatar
97%
Afrique du Sud
96%
Allemagne
96%
Angleterre
96%
Arabie Saoudite
96%
Croatie
96%
Iran
96%
Norvège
96%
Nouvelle-Zélande
96%
Turquie
96%
Colombie
95%
Égypte
95%
Pays-Bas
94%
Côte d'Ivoire
93%
Écosse
93%
République Démocratique du Congo
93%
République Tchèque
93%
Sénégal
93%
Équateur
92%
Autriche
91%
Irak
91%
Panama
90%
Ghana
89%
Bosnie-Herzégovine
88%
Ouzbékistan
86%
Haïti
83%
Cap-Vert
82%
Jordanie
82%
Paraguay
80%
Curaçao
74%
Aucun quiz correspondant
Distribution des résultats
% des personnes avec chaque résultat
Percentile par nombre de réponses
Votre historique - résultats
Vous n’avez pas pris ce quiz depuis la dernière actualisation